Les départements les plus peuplés par région - Statistiques

Statistiques générales
  • Ce quiz a été pris 110 fois
  • Le résultat moyen est 32 sur 39
Statistiques - réponses
Région Département % Correct
Hauts-de-France Nord
97%
Île-de-France Paris
96%
Auvergne-Rhône-Alpes Rhône
94%
Grand Est Bas-Rhin
93%
Grand Est Haut-Rhin
93%
Île-de-France Seine-Saint-Denis
93%
Nouvelle-Aquitaine Gironde
92%
Hauts-de-France Pas-de-Calais
92%
Bretagne Finistère
91%
Normandie Calvados
89%
Bretagne Ille-et-Villaine
88%
Bretagne Morbihan
88%
Centre-Val de Loire Loiret
87%
Grand Est Moselle
87%
Provence-Alpes-Côte d'Azur Bouches-du-Rhône
85%
Provence-Alpes-Côte d'Azur Var
85%
Occitanie Hérault
84%
Pays de la Loire Loire-Atlantique
84%
DROM Martinique
84%
Normandie Seine-Maritime
84%
Auvergne-Rhône-Alpes Isère
82%
Provence-Alpes-Côte d'Azur Alpes-Maritimes
81%
DROM Guadeloupe
81%
Occitanie Haute-Garonne
81%
Bourgogne-Franche-Comté Doubs
78%
Auvergne-Rhône-Alpes Haute Savoie
78%
Bourgogne-Franche-Comté Côte d'Or
76%
Occitanie Gard
76%
Hauts-de-France Oise
76%
Île-de-France Hauts-de-Seine
75%
Normandie Eure
74%
DROM Réunion
74%
Centre-Val de Loire Indre-et-Loire
73%
Nouvelle-Aquitaine Charente-Maritime
72%
Pays de la Loire Vendée
70%
Pays de la Loire Maine-et-Loire
69%
Nouvelle-Aquitaine Pyrénées-Atlantique
68%
Bourgogne-Franche-Comté Saône-et-Loire
62%
Centre-Val de Loire Eure-et-Loire
54%
Aucun quiz correspondant
Distribution des résultats
% des personnes avec chaque résultat
Percentile par nombre de réponses
Votre historique - résultats
Vous n’avez pas pris ce quiz